Demography and migration : population trajectories from the Neolithic to the Iron Age : proceedings of the XVIII UISPP World Congress (4-9 June 2018, Paris, France). Volume 5, Sessions XXII-2 and XXIV-8 /
This volume presents combined proceedings of two complementary sessions of the XVIII UISPP World Congress (Paris, 2018). These sessions aimed to identify demographic variations during the Neolithic and Bronze Age and to question their causes while avoiding the potential taphonomic and chronological...
مؤلف مشترك:
مؤلفون آخرون: , ,
التنسيق: كتاب الكتروني
اللغة:
English
French
منشور في:
Oxford :
Archaeopress Archaeology,
2020.
الموضوعات:
الوصول للمادة أونلاين: Login to view Source
الوسوم: إضافة وسم
رقم الطلب: GN776.2.A1
| LEADER | 02531nam a2200493 i 4500 | ||
|---|---|---|---|
| 001 | EDZ0002342145 | ||
| 003 | StDuBDS | ||
| 005 | 20230412182848.0 | ||
| 006 | m|||||o||d|||||||| | ||
| 007 | cr ||||||||||| | ||
| 008 | 200724s2020 enka fob 100|0|eng|d | ||
| 020 | |a 9781789696660 (ebook) : |c No price | ||
| 040 | |a StDuBDS |b eng |c StDuBDS |e rda |e pn | ||
| 041 | 0 | |a eng |a fre | |
| 050 | 4 | |a GN776.2.A1 | |
| 082 | 0 | 4 | |a 936.01 |2 23 |
| 110 | 2 | |a International Union of Prehistoric and Protohistoric Sciences. |b World Congress |n (18th : |d 2018 : |c Paris, France), |e creator. | |
| 245 | 1 | 0 | |a Demography and migration : |b population trajectories from the Neolithic to the Iron Age : proceedings of the XVIII UISPP World Congress (4-9 June 2018, Paris, France). |n Volume 5, |p Sessions XXII-2 and XXIV-8 / |c edited by Thibault Lachenal, Réjane Roure and Olivier Lemercier. |
| 264 | 1 | |a Oxford : |b Archaeopress Archaeology, |c 2020. | |
| 300 | |a 1 online resource (180 pages) : |b illustrations (black and white, and colour) | ||
| 336 | |a text |2 rdacontent | ||
| 336 | |a still image |2 rdacontent | ||
| 337 | |a computer |2 rdamedia | ||
| 338 | |a online resource |2 rdacarrier | ||
| 500 | |a Also issued in print: 2020. | ||
| 500 | |a "Available in both print and Open Access"--Homepage. | ||
| 500 | |a Conference proceedings. | ||
| 504 | |a Includes bibliographical references. | ||
| 520 | 8 | |a This volume presents combined proceedings of two complementary sessions of the XVIII UISPP World Congress (Paris, 2018). These sessions aimed to identify demographic variations during the Neolithic and Bronze Age and to question their causes while avoiding the potential taphonomic and chronological biases affecting the documentation. | |
| 521 | |a Specialized. | ||
| 546 | |a Text in English and French. | ||
| 588 | |a Description based on online resource; title from PDF title page (viewed on September 28, 2020). | ||
| 651 | 0 | |a Europe |x Population |x History |y To 1500 |v Congresses. | |
| 650 | 0 | |a Population geography |z Europe |x History |y To 1500 |v Congresses. | |
| 650 | 0 | |a Iron age |z Europe. | |
| 650 | 0 | |a Bronze age |z Europe. | |
| 700 | 1 | |a Lachenal, Thibault, |e editor. | |
| 700 | 1 | |a Roure, Réjane, |e editor. | |
| 700 | 1 | |a Lemercier, Olivier, |e editor. | |
| 776 | 0 | 8 | |i Print version : |z 9781789696653 |
| 856 | 4 | 0 | |3 Archaeopress |u http://library.arce.org:8087/Archaeopress/Products/9781789696653 |
| 942 | |2 lcc |c EBOOK | ||
| 952 | |0 0 |1 0 |4 0 |6 GN07762 A1 |7 1 |9 46717 |a ARCH |b ARCH |d 2023-04-12 |l 0 |o GN776.2.A1 |r 2023-04-12 00:00:00 |w 2023-04-12 |y EBOOK | ||
| 999 | |c 52375 |d 52375 | ||
